000 00868nam a22002537a 4500
001 27594
003 UA-OsUOA
005 20230921105735.0
007 ta
008 20040907b un ||||| |||| 00| 0 ukr d
020 _a5-209-01166-6
040 _aUA-OsUOA
_brus
_cUA-OsUOA
_dUA-OsUOA
041 _arus
044 _aRU
080 _a78.03(075)
090 _a78.03(075)
_bВ19
100 _aВасильченко Е. В.
245 _aМузыкальные структуры мира. Культура звука в традиционных восточных цивилизациях (Ближний Восток, Южная Азия, Дальний Восток, Юго-Восточная Азия)
_bуч. пос.
260 _aМосква
_bРУДН
_c2001
300 _a408 с.
_bІлюстрації
650 7 _2UDC
942 _cBK
_2udc
955 _a0
999 _c313943
_d313943